| 000 | 00727nam a22002417a 4500 | ||
|---|---|---|---|
| 942 | _cBK | ||
| 999 |
_c844 _d844 |
||
| 005 | 20250420134826.0 | ||
| 008 | 230427b ||||| |||| 00| 0 eng d | ||
| 020 | _a9781526847560 | ||
| 040 | _cKCST | ||
| 082 |
_a428.34 _bTh In |
||
| 100 |
_aThrush, Emily Austin _95738 |
||
| 245 |
_aNew interactions 1: _blistening and speaking / _cEmily Austin Thrush, Robert Baldwin, Laurie Blass |
||
| 260 |
_bMcGraw-Hill; _c2020. |
||
| 300 | _a234 p. | ||
| 650 |
_aEnglish (language) _92090 |
||
| 650 |
_aProblems and exercises _95741 |
||
| 650 |
_aEnglish language _95742 _vListening |
||
| 650 |
_aEnglish language _vSpeaking _95783 |
||
| 700 |
_aBaldwin, Robert _95784 |
||
| 700 |
_aBlass, Laurie _95785 |
||
| 942 | _2ddc | ||